[Event "Xtracon Chess Open 2017"]
[Site "Helsingor DEN"]
[Date "2017.07.26"]
[Round "6.79"]
[White "Lien, Kjell Hakon"]
[Black "Lodahl, Holger Ronnow"]
[Result "1-0"]
[WhiteElo "2120"]
[BlackElo "1838"]
[WhiteFideId "1510444"]
[BlackFideId "1427342"]
[EventDate "2017.07.22"]

1. Nf3 d5 2. c4 e6 3. b3 Nf6 4. Bb2 c5 5. e3 Nc6 6. cxd5 exd5 7. Nc3 Be7 8. d4
O-O 9. Be2 Re8 10. O-O h6 11. Rc1 cxd4 12. Nxd4 Nxd4 13. Qxd4 a6 14. Rfd1 Be6
15. Bf3 Qa5 16. a3 Bf8 17. b4 Qd8 18. Nxd5 Bxd5 19. Bxd5 Qxd5 20. Qxd5 Nxd5 21.
Rxd5 Red8 22. Rxd8 Rxd8 23. g3 Bd6 24. Kf1 f6 25. Ke2 Kf7 26. e4 g6 27. Ke3 Bb8
28. Bd4 Rd7 29. Rc8 Bd6 30. f4 a5 31. e5 fxe5 32. fxe5 Be7 33. bxa5 Bxa3 34. Ke4
Bb4 35. Bb6 Rd2 36. Rc7+ Ke6 37. Rxb7 Re2+ 38. Kf3 Rxe5 39. a6 Rf5+ 40. Kg2 Rf8
41. a7 Bd6 42. Bc7 Bxc7 43. Rxc7 Ra8 44. Rb7 h5 45. Kf3 g5 46. Ke4 h4 47. g4 h3
48. Rb6+ Kf7 49. Ra6 1-0

[Event "Xtracon Chess Open 2017"]
[Site "Helsingor DEN"]
[Date "2017.07.26"]
[Round "6.80"]
[White "Afsari-Rad, Aidin"]
[Black "Kvamme, John A"]
[Result "0-1"]
[WhiteElo "1733"]
[BlackElo "2116"]
[WhiteFideId "1527177"]
[BlackFideId "1500562"]
[EventDate "2017.07.22"]

1. e4 c5 2. Nf3 Nc6 3. d4 cxd4 4. Nxd4 g6 5. Nc3 Bg7 6. Be3 Nf6 7. Bc4 Qa5 8.
O-O O-O 9. a3 d6 10. b4 Qc7 11. Ndb5 Qd8 12. h3 a6 13. Nd4 Qc7 14. Bb3 Nxd4 15.
Qxd4 Ng4 16. Nd5 Qd8 17. Qb6 Nxe3 18. Qxd8 Rxd8 19. fxe3 Bxa1 20. Nb6 Rb8 21.
Nxc8 Rdxc8 22. Rxa1 Rc3 23. Kf2 Kf8 24. Ke2 e6 25. Rf1 Ke7 26. Kd2 Rbc8 27. Rf4
h5 0-1

[Event "Xtracon Chess Open 2017"]
[Site "Helsingor DEN"]
[Date "2017.07.26"]
[Round "6.81"]
[White "Aroven, Mikael"]
[Black "Solli, Oddvar"]
[Result "1/2-1/2"]
[WhiteElo "2114"]
[BlackElo "1738"]
[WhiteFideId "1709534"]
[BlackFideId "1501208"]
[EventDate "2017.07.22"]

1. c4 Nf6 2. e3 b6 3. Nc3 Bb7 4. Nf3 e6 5. Be2 Be7 6. O-O O-O 7. b3 c5 8. d4 d5
9. cxd5 Nxd5 10. Bb2 Nd7 11. Rc1 N7f6 12. Ne5 cxd4 13. Qxd4 Nxc3 14. Bxc3 Qxd4
15. Bxd4 Rac8 16. Bb5 Ba3 17. Rc4 Rxc4 18. Bxc4 Rc8 19. Rd1 Rd8 20. Be2 Be4 21.
Nc4 Be7 22. f3 Bb7 23. e4 Rxd4 24. Rxd4 Bc5 1/2-1/2

[Event "Xtracon Chess Open 2017"]
[Site "Helsingor DEN"]
[Date "2017.07.26"]
[Round "6.82"]
[White "Rolstad, Morten"]
[Black "Johansen, Oivind"]
[Result "1/2-1/2"]
[BlackTitle "FM"]
[WhiteElo "1720"]
[BlackElo "2108"]
[WhiteFideId "1525026"]
[BlackFideId "1501119"]
[EventDate "2017.07.22"]

1. e4 c5 2. Nf3 d6 3. Bb5+ Bd7 4. Bxd7+ Qxd7 5. c4 Nf6 6. Nc3 g6 7. d4 cxd4 8.
Nxd4 Bg7 9. f3 a6 10. Be3 O-O 11. O-O Rc8 12. Qd3 e6 13. Rac1 Qc7 14. Nde2 Nbd7
15. b3 Ne5 16. Qd2 Nfd7 17. h3 Nc6 18. Rcd1 Bf8 1/2-1/2

[Event "Xtracon Chess Open 2017"]
[Site "Helsingor DEN"]
[Date "2017.07.26"]
[Round "6.83"]
[White "Shehzad, Shazil"]
[Black "Wecker, Martin"]
[Result "0-1"]
[WhiteElo "1678"]
[BlackElo "2095"]
[WhiteFideId "1521942"]
[BlackFideId "12931462"]
[EventDate "2017.07.22"]

1. e4 c5 2. Nf3 e6 3. d4 cxd4 4. Nxd4 Nc6 5. Nc3 Qc7 6. Be2 a6 7. O-O Nf6 8. Be3
Be7 9. a4 d6 10. f4 O-O 11. Bf3 Nxd4 12. Bxd4 Bd7 13. a5 Bc6 14. Qd3 Nd7 15. g3
Rac8 16. Rf2 Rfe8 17. b3 Bf8 18. Rd2 e5 19. Be3 exf4 20. gxf4 Nc5 21. Bxc5 dxc5
22. Qe2 Qxf4 23. Rad1 c4 24. bxc4 Bb4 25. Rd3 Bxc3 26. Rxc3 Qe5 27. Ra3 f5 28.
Re3 Qc5 29. Kh1 fxe4 30. Bxe4 Rxe4 31. Rxe4 Re8 0-1

[Event "Xtracon Chess Open 2017"]
[Site "Helsingor DEN"]
[Date "2017.07.26"]
[Round "6.84"]
[White "Nielsen, Andre"]
[Black "Kristiansen, Snorre"]
[Result "1-0"]
[WhiteElo "2094"]
[BlackElo "1699"]
[WhiteFideId "1518240"]
[BlackFideId "1530011"]
[EventDate "2017.07.22"]

1. e4 e6 2. d4 d5 3. Nc3 Nf6 4. Bg5 Bb4 5. e5 h6 6. Bc1 Ne4 7. Qg4 g6 8. a3
Bxc3+ 9. bxc3 Nxc3 10. Bd3 Na4 11. Ne2 c5 12. Nf4 g5 13. Nh5 c4 14. Nf6+ Kf8 15.
Be2 Nd7 16. Nxd7+ Bxd7 17. f4 Rg8 18. O-O Qe7 19. Qh5 Rg6 20. fxg5 hxg5 21. Qxg6
Nc3 22. Bh5 Be8 23. Qh7 1-0

[Event "Xtracon Chess Open 2017"]
[Site "Helsingor DEN"]
[Date "2017.07.26"]
[Round "6.85"]
[White "Molvig, Henrik"]
[Black "Henriksen, Morgan"]
[Result "1-0"]
[WhiteTitle "CM"]
[WhiteElo "2090"]
[BlackElo "1632"]
[WhiteFideId "1402625"]
[BlackFideId "1510495"]
[EventDate "2017.07.22"]

1. d4 Nf6 2. c4 g6 3. Nc3 Bg7 4. e4 d6 5. Nf3 O-O 6. Be2 Na6 7. O-O e5 8. Bg5 h6
9. Bh4 Qe8 10. Bxf6 Bxf6 11. c5 exd4 12. Nd5 Qd8 13. Bxa6 bxa6 14. cxd6 Qxd6 15.
Nxf6+ Qxf6 16. Qxd4 Qxd4 17. Nxd4 c5 18. Nc2 Rb8 19. b3 c4 20. Rab1 cxb3 21.
axb3 Be6 22. Nd4 Bd7 23. Rfd1 Rfd8 24. f3 Be8 25. Kf2 a5 26. Ke3 a6 27. h4 a4
28. bxa4 Bxa4 29. Rxb8 Rxb8 30. Ra1 Bb5 31. Rb1 Kg7 32. g4 f6 33. Rc1 Rb7 34.
Rc8 Bd7 35. Ra8 Bb5 36. Ne6+ Kf7 37. Nd8+ 1-0

[Event "Xtracon Chess Open 2017"]
[Site "Helsingor DEN"]
[Date "2017.07.26"]
[Round "6.86"]
[White "Skjolingstad, Sverre"]
[Black "Holinka, Henning"]
[Result "0-1"]
[WhiteElo "1644"]
[BlackElo "2087"]
[WhiteFideId "1519913"]
[BlackFideId "12967084"]
[EventDate "2017.07.22"]

1. e4 g6 2. d4 Bg7 3. f4 d6 4. Nf3 c5 5. d5 Nf6 6. Nc3 O-O 7. Bc4 b5 8. Bxb5
Nxe4 9. Nxe4 Qa5+ 10. Nc3 Bxc3+ 11. bxc3 Qxb5 12. Qd3 Ba6 13. Kf2 Qxd3 14. cxd3
Bxd3 15. Rd1 Bc4 16. Ne1 Nd7 17. Nc2 Nb6 18. Ne3 Ba6 19. f5 Rfb8 20. Ng4 Na4 21.
Bd2 Rb2 22. Ke1 Nxc3 23. Bxc3 Re2+ 24. Kf1 Rc2+ 25. Kg1 Rxc3 26. f6 h5 27. Nf2
exf6 28. Ne4 Re3 29. Re1 Rxe1+ 30. Rxe1 Rd8 31. Nxf6+ Kg7 32. Re8 Rxe8 33. Nxe8+
Kf8 34. Nxd6 f5 35. a4 Ke7 36. Nb5 Bxb5 37. axb5 Kd6 0-1

[Event "Xtracon Chess Open 2017"]
[Site "Helsingor DEN"]
[Date "2017.07.26"]
[Round "6.87"]
[White "Heimisson, Hilmir Freyr"]
[Black "Nielsen, Palle"]
[Result "1-0"]
[WhiteElo "2215"]
[BlackElo "1715"]
[WhiteFideId "2309998"]
[BlackFideId "1408526"]
[EventDate "2017.07.22"]

1. c4 e5 2. g3 Bc5 3. Nc3 c6 4. Bg2 d6 5. Nf3 h6 6. O-O f5 7. d4 exd4 8. Nxd4
Nf6 9. b3 O-O 10. Bb2 Ng4 11. Qd2 Nd7 12. Ne6 Bxf2+ 13. Rxf2 Qb6 14. Rf1 Ndf6
15. Nxf8 Nxf2 16. Rxf2 Ng4 17. Nd1 Nxf2 18. Nxf2 Kxf8 19. Qxd6+ 1-0

[Event "Xtracon Chess Open 2017"]
[Site "Helsingor DEN"]
[Date "2017.07.26"]
[Round "6.88"]
[White "Quinones-Maletti, Julio Guillerm"]
[Black "Degerfeldt, Sven"]
[Result "1/2-1/2"]
[WhiteElo "2200"]
[BlackElo "1935"]
[WhiteFideId "1462318"]
[BlackFideId "1717430"]
[EventDate "2017.07.22"]

1. e4 c5 2. Nf3 d6 3. d4 cxd4 4. Nxd4 Nf6 5. Nc3 a6 6. Be3 e5 7. Nb3 Be7 8. Bc4
Be6 9. Bxe6 fxe6 10. g4 Nfd7 11. g5 Nc6 12. Qg4 Nf8 13. O-O-O Qc7 14. Rhf1 b5
15. f4 b4 16. Na4 exf4 17. Bb6 Qb8 18. Qxf4 Ne5 19. Nd4 Nfg6 20. Qg3 Qc8 21. Nf5
exf5 22. exf5 O-O 23. fxg6 hxg6 24. Bd4 Qe6 25. b3 Rf5 26. h4 Raf8 27. Rxf5 Qxf5
28. Nb2 Nf3 29. Be3 Qe4 30. Bf2 Qe2 31. Nc4 Ne5 32. Bb6 Nxc4 33. bxc4 Qxc4 34.
Qb3 Qxb3 35. axb3 Rf4 36. Rd4 Rxh4 37. Rd5 Rg4 38. Be3 Re4 39. Kd2 Re5 40. Rxe5
dxe5 41. Kd3 Kf7 42. Ke4 Ke6 43. Bc1 Bc5 44. Bb2 1/2-1/2

[Event "Xtracon Chess Open 2017"]
[Site "Helsingor DEN"]
[Date "2017.07.26"]
[Round "6.90"]
[White "Bjornes, Leif"]
[Black "Palozza, Christian"]
[Result "0-1"]
[WhiteElo "1934"]
[BlackElo "2178"]
[WhiteFideId "1507397"]
[BlackFideId "895580"]
[EventDate "2017.07.22"]

1. d4 Nf6 2. c4 e6 3. Nc3 Bb4 4. Qc2 O-O 5. a3 Bxc3+ 6. bxc3 b6 7. Bg5 d6 8. e3
Bb7 9. Nf3 Nbd7 10. Bd3 h6 11. Bh4 e5 12. Bf5 Qe8 13. O-O-O g6 14. Bxd7 Nxd7 15.
Rhg1 f5 16. h3 Qf7 17. Nd2 Rae8 18. f3 exd4 19. exd4 Re2 20. Rde1 Rfe8 21. Qd3
R8e3 22. Qc2 Qe6 23. Rxe2 Rxe2 24. Qd3 Re3 25. Qc2 Ba6 26. Qb3 c5 27. d5 Qe5 28.
Kc2 Re2 29. Kd1 Qe3 30. Be1 Rxd2+ 31. Bxd2 Qxg1+ 32. Kc2 Qf1 33. Qa4 Bxc4 34.
Qxd7 Bd3+ 0-1

[Event "Xtracon Chess Open 2017"]
[Site "Helsingor DEN"]
[Date "2017.07.26"]
[Round "6.91"]
[White "Thuesen, Mogens"]
[Black "Kyrkjebo, Hanna B."]
[Result "1-0"]
[WhiteElo "2170"]
[BlackElo "1923"]
[WhiteFideId "1400878"]
[BlackFideId "1511599"]
[EventDate "2017.07.22"]

1. c4 e5 2. Nc3 Nc6 3. g3 g6 4. Bg2 Bg7 5. Rb1 d6 6. b4 Nge7 7. b5 Nb8 8. Nf3
O-O 9. O-O Nd7 10. d3 f5 11. Bb2 Nf6 12. a4 h6 13. a5 Rb8 14. c5 Be6 15. Qa4 g5
16. Rfc1 Ng6 17. b6 axb6 18. axb6 c6 19. cxd6 Ne8 20. Qb4 Nxd6 21. Na4 Bd5 22.
Ba3 Nb5 23. Nc5 Nxa3 24. Qxa3 Ra8 25. Qb4 Qe7 26. e4 fxe4 27. dxe4 Bf7 28. Ra1
Rfd8 29. Rxa8 Rxa8 30. Bh3 Bf8 31. Ne1 h5 32. Bf5 Qd6 33. Ned3 Ne7 34. Bh3 g4
35. Bf1 Ng6 36. Qc3 Qe7 37. Ra1 Rb8 38. Ra7 Qd8 39. Qb2 Bxc5 40. Nxc5 Qc8 41.
Qd2 h4 42. Qd6 h3 43. Be2 Nf8 44. Qxe5 Qd8 45. Qb2 Qe7 46. Qc1 Ne6 47. Nxe6 Bxe6
48. Ra5 Rd8 49. Qh6 Qb4 50. Rg5+ Kf7 51. Rg7+ Ke8 52. Qxe6+ Kf8 53. Qf7# 1-0

[Event "Xtracon Chess Open 2017"]
[Site "Helsingor DEN"]
[Date "2017.07.26"]
[Round "6.92"]
[White "Ukkelberg, Oyvind"]
[Black "Nielsen, Thomas Bach2"]
[Result "0-1"]
[WhiteElo "1933"]
[BlackElo "2144"]
[WhiteFideId "1507893"]
[BlackFideId "1401785"]
[EventDate "2017.07.22"]

1. Nf3 f5 2. e4 fxe4 3. Ng5 e5 4. d3 e3 5. Bxe3 Nc6 6. Be2 Nf6 7. O-O d5 8. c3
Bd6 9. d4 exd4 10. cxd4 O-O 11. Nc3 h6 12. Nf3 Ng4 13. h3 Nxe3 14. fxe3 Be6 15.
e4 dxe4 16. Nxe4 Bf4 17. Qa4 Nxd4 18. Bc4 Nxf3+ 19. Kh1 Nd4 20. Rfd1 b5 21. Rxd4
bxa4 22. Bxe6+ Kh8 23. Rxd8 Raxd8 0-1

[Event "Xtracon Chess Open 2017"]
[Site "Helsingor DEN"]
[Date "2017.07.26"]
[Round "6.93"]
[White "Lahlum, Hans Olav"]
[Black "Mehringer, Joerg"]
[Result "0-1"]
[WhiteElo "2131"]
[BlackElo "1918"]
[WhiteFideId "1501348"]
[BlackFideId "12915351"]
[EventDate "2017.07.22"]

1. d4 Nf6 2. c4 e6 3. Nc3 Bb4 4. Qc2 Bxc3+ 5. Qxc3 Ne4 6. Qc2 f5 7. e3 c5 8. Bd3
Qa5+ 9. Kf1 Nf6 10. Bd2 Qb6 11. dxc5 Qxc5 12. b4 Qc7 13. Nf3 Nc6 14. b5 Ne7 15.
Bb4 b6 16. Qb2 Bb7 17. Rc1 d6 18. Qa3 Rd8 19. Ke2 O-O 20. Rhd1 Nc8 21. Nd4 Rfe8
22. f3 g6 23. Kf2 e5 24. Nb3 e4 25. Be2 exf3 26. gxf3 d5 27. Rh1 Qe5 28. Nd4 f4
29. Nc2 fxe3+ 30. Qxe3 Qf5 31. Qd3 Ne4+ 32. Ke1 Qf4 33. Qa3 Qh4+ 0-1

[Event "Xtracon Chess Open 2017"]
[Site "Helsingor DEN"]
[Date "2017.07.26"]
[Round "6.94"]
[White "Nielsen, John Bauneborg"]
[Black "Skjoldager, Flemming"]
[Result "1-0"]
[WhiteElo "2125"]
[BlackElo "1906"]
[WhiteFideId "1402439"]
[BlackFideId "1406515"]
[EventDate "2017.07.22"]

1. d4 d5 2. c4 e6 3. Nc3 Nf6 4. cxd5 exd5 5. Bg5 Bb4 6. Qb3 Bxc3+ 7. bxc3 c6 8.
e3 Nbd7 9. Qa3 Qe7 10. Qxe7+ Kxe7 11. f3 h6 12. Bh4 Re8 13. Bd3 Kf8 14. Kd2 b6
15. Ne2 Bb7 16. a4 a6 17. Rab1 b5 18. g4 g6 19. Nc1 g5 20. Bg3 Nb6 21. Ne2 Bc8
22. axb5 cxb5 23. h4 Bb7 24. Bd6+ Kg8 25. hxg5 hxg5 26. Ng3 Re6 27. Nf5 Nc4+ 28.
Bxc4 dxc4 29. Ke2 Ne8 30. Be7 Rg6 31. Bc5 Re6 32. Rh5 f6 33. Rbh1 1-0

[Event "Xtracon Chess Open 2017"]
[Site "Helsingor DEN"]
[Date "2017.07.26"]
[Round "6.95"]
[White "Andersen, Soren Mikkel"]
[Black "Stern, Geoffrey"]
[Result "0-1"]
[WhiteElo "2123"]
[BlackElo "1897"]
[WhiteFideId "1411918"]
[BlackFideId "4002679"]
[EventDate "2017.07.22"]

1. d4 e6 2. c4 d5 3. Nc3 Nf6 4. Bg5 Nbd7 5. Nf3 c6 6. e3 Qa5 7. cxd5 Nxd5 8. Qd2
Bb4 9. Rc1 O-O 10. Bd3 h6 11. Bh4 e5 12. O-O Re8 13. Qc2 exd4 14. Nxd5 Qxd5 15.
exd4 Qxa2 16. Bc4 Qa5 17. Qg6 Rf8 18. Ra1 Kh8 19. Bxf7 Qb5 20. d5 Rxf7 21. Qxf7
Qxd5 22. Qe8+ Qg8 23. Qe4 a5 24. Rfd1 Nc5 25. Qg6 Be6 26. Ne5 Re8 27. Qg3 Nb3
28. Ng6+ Kh7 29. Qd3 Qf7 30. Nf8+ Kg8 31. Nxe6 Rxe6 32. Rab1 a4 33. h3 b5 34.
Bg3 Re7 35. Qc2 Qg6 36. Qc3 Qh5 37. Qc2 Qg6 38. Qc3 Qh7 39. Qf3 Qe4 40. Qxe4
Rxe4 41. Rd8+ Kf7 42. Rbd1 Re2 43. Rc8 c5 44. Rd7+ Kf6 45. Rc6+ Re6 46. Rcc7
Re1+ 47. Kh2 Nd4 48. Rf7+ Ke6 49. Rxg7 Kd5 50. Rgd7+ Kc4 51. Bf4 Kb3 52. Bxh6
Kxb2 53. Bg7 Rd1 54. Rd6 a3 55. Ra6 a2 56. Rca7 a1=Q 57. Rxa1 Rxa1 58. Rxa1 Kxa1
59. h4 Bd2 60. h5 b4 61. h6 Bxh6 62. Bxh6 b3 63. Bf8 b2 64. Bxc5 Nc6 65. g4 b1=Q 0-1

[Event "Xtracon Chess Open 2017"]
[Site "Helsingor DEN"]
[Date "2017.07.26"]
[Round "6.96"]
[White "Kunz, Andre"]
[Black "Kashwan, Hassan"]
[Result "1-0"]
[WhiteElo "2103"]
[BlackElo "1892"]
[WhiteFideId "24623652"]
[BlackFideId "137122555"]
[EventDate "2017.07.22"]

1. e4 c5 2. d4 cxd4 3. c3 d5 4. exd5 Qxd5 5. cxd4 Nc6 6. Nf3 e6 7. Nc3 Bb4 8.
Bd3 Nf6 9. O-O Qd8 10. a3 Be7 11. Re1 O-O 12. Bc2 a6 13. Qd3 g6 14. Bh6 Re8 15.
Rad1 b5 16. Ne4 Nxe4 17. Qxe4 Bb7 18. Qf4 Qd6 19. Qg4 Bf6 20. Ne5 Ne7 21. Bf4
Qd8 22. h4 h5 23. Qg3 Nf5 24. Bxf5 Bxh4 25. Nxf7 Bxg3 26. Nxd8 Bxf4 27. Bxe6+
Rxe6 28. Nxe6 Bd6 29. Ng5 Bd5 30. Ne4 Be7 1-0

[Event "Xtracon Chess Open 2017"]
[Site "Helsingor DEN"]
[Date "2017.07.26"]
[Round "6.97"]
[White "Mansoor, Afras"]
[Black "Eriksson, Kristian"]
[Result "1/2-1/2"]
[WhiteElo "1917"]
[BlackElo "2093"]
[WhiteFideId "1522108"]
[BlackFideId "1705172"]
[EventDate "2017.07.22"]

1. d4 e6 2. Nf3 Nf6 3. Bg5 c5 4. Nc3 cxd4 5. Qxd4 Nc6 6. Qh4 Be7 7. O-O-O Qa5 8.
Kb1 d5 9. e3 Bd7 10. Qg3 Rc8 11. e4 dxe4 12. Bxf6 gxf6 13. Nd2 Qe5 14. Qxe5 Nxe5
15. Ndxe4 f5 16. Nd6+ Bxd6 17. Rxd6 Ke7 18. Rd2 Rcd8 19. f3 Bc6 20. Bd3 Rhg8 21.
Re1 Kf6 22. Ree2 Ng6 23. b3 Nf4 24. Rf2 Nxd3 25. Rxd3 Rxd3 1/2-1/2

[Event "Xtracon Chess Open 2017"]
[Site "Helsingor DEN"]
[Date "2017.07.26"]
[Round "6.98"]
[White "Madsen, Michael B."]
[Black "Gula, Julian"]
[Result "0-1"]
[WhiteElo "2092"]
[BlackElo "1869"]
[WhiteFideId "1413031"]
[BlackFideId "12954799"]
[EventDate "2017.07.22"]

1. d4 Nf6 2. c4 e6 3. Nc3 Bb4 4. e3 c5 5. Bd3 O-O 6. Ne2 b6 7. O-O cxd4 8. exd4
Bb7 9. a3 Be7 10. Bc2 d5 11. cxd5 Nxd5 12. Nxd5 Qxd5 13. f3 Bf6 14. Be3 Rd8 15.
Qd2 Nc6 16. Rfd1 Qd7 17. Kh1 Ne7 18. Bg5 Nd5 19. Bxf6 Nxf6 20. Qe1 Rac8 21. Nc3
Rc4 22. Bd3 Rxd4 23. Bxh7+ Nxh7 24. Rxd4 Qxd4 25. Rd1 Qf6 26. h3 Ng5 27. Qg3
Rxd1+ 28. Nxd1 e5 29. Nc3 Qf4 30. Qxf4 exf4 31. Nb5 a6 32. Nd6 Bd5 33. Nc8 Kf8
34. Nxb6 Bc6 35. Nc4 Ke7 36. b4 Ne6 37. Nb2 Kd6 38. a4 Kd5 39. b5 axb5 40. axb5
Bxb5 41. Nd1 Kd4 42. Nf2 f5 43. Kh2 Ke3 44. Kg1 g5 45. Nh1 Be2 46. Nf2 Nd4 47.
Nh1 Bc4 48. Nf2 Ke2 49. Nh1 Ke1 50. Nf2 Ne2+ 0-1

[Event "Xtracon Chess Open 2017"]
[Site "Helsingor DEN"]
[Date "2017.07.26"]
[Round "6.99"]
[White "Oland, Arne"]
[Black "Rishovd, Svein"]
[Result "1-0"]
[WhiteElo "1912"]
[BlackElo "2092"]
[WhiteFideId "1422081"]
[BlackFideId "1513060"]
[EventDate "2017.07.22"]

1. d4 d5 2. Nf3 Nf6 3. c4 dxc4 4. Nc3 a6 5. a4 Nc6 6. e4 Bg4 7. Be3 Na5 8. Be2
e6 9. Nd2 Bxe2 10. Qxe2 Bb4 11. O-O c6 12. e5 Nd5 13. Nde4 Be7 14. f4 g6 15. Rf3
Qc7 16. Bf2 h6 17. Rd1 O-O-O 18. Nd2 b5 19. Nce4 Nb6 20. axb5 axb5 21. Nc5 Bxc5
22. dxc5 Nd5 23. Ne4 Rd7 24. Nd6+ Kb8 25. Ra1 Nb3 26. Ra6 Rf8 27. Qe4 Rxd6 28.
cxd6 Qc8 29. Rxb3 cxb3 30. Ra3 c5 31. Rxb3 Qc6 32. Qa4 Nb4 33. Qa5 Kb7 34. Ra3
Qb6 35. Qxb6+ Kxb6 36. Rc3 Nd5 37. Rxc5 Ka5 38. g3 Kb4 39. Kg2 Rb8 40. Rc6 Rb7
41. Bd4 Kb3 42. Kf3 b4 43. Ke4 Ka2 44. g4 Kb3 45. f5 gxf5+ 46. gxf5 Ka4 47. Rc5
Nb6 48. Rc7 Rxc7 49. dxc7 Nc8 50. fxe6 fxe6 51. Bc5 Kb5 52. Kd4 Kc6 53. Bd6 Nb6
54. Bxb4 Kb7 55. Bd6 Nd5 56. b4 Nb6 57. Ke4 Kc6 58. Kf4 Nd5+ 59. Kg4 Kb7 60. Kh5
Ne3 61. Kxh6 Ng4+ 62. Kg6 Nxh2 63. Kf7 Nf1 64. Kxe6 Kc8 65. Kf7 Ne3 66. e6 Nf5
67. Be5 Nh6+ 68. Kf8 Ng4 69. e7 1-0

[Event "Xtracon Chess Open 2017"]
[Site "Helsingor DEN"]
[Date "2017.07.26"]
[Round "6.100"]
[White "Petersson, Baldur Teodor"]
[Black "Trost, Edvin"]
[Result "1-0"]
[WhiteElo "2086"]
[BlackElo "1887"]
[WhiteFideId "2309157"]
[BlackFideId "1729519"]
[EventDate "2017.07.22"]

1. e4 c5 2. d3 Nc6 3. g3 g6 4. Bg2 Bg7 5. Nf3 e5 6. O-O Nge7 7. c3 O-O 8. Nbd2
b6 9. h4 d6 10. Ng5 h6 11. Nh3 Be6 12. f4 Qd7 13. Kh2 f5 14. Qe2 Rad8 15. Nf3
Rfe8 16. h5 fxe4 17. dxe4 Bg4 18. hxg6 exf4 19. Nxf4 Ne5 20. Nxe5 Bxe2 21. Nxd7
Bxf1 22. Bxf1 Rxd7 23. Bb5 Rdd8 24. Bxe8 Rxe8 25. Bd2 Nc6 26. Re1 Ne5 27. Kg2
Bf8 28. Rf1 Nc4 29. Nd5 Bg7 30. Bxh6 Re6 31. Bg5 Rxe4 32. b3 Re5 33. bxc4 Rxg5
34. Ne7+ Kh8 35. Rh1+ Bh6 36. Rxh6+ Kg7 37. Rh7+ Kf6 38. g7 1-0

[Event "Xtracon Chess Open 2017"]
[Site "Helsingor DEN"]
[Date "2017.07.26"]
[Round "6.101"]
[White "Jacobsen, Fredrik Beer"]
[Black "Nielsen, Aage Sondergaard"]
[Result "1/2-1/2"]
[WhiteElo "2081"]
[BlackElo "1861"]
[WhiteFideId "1507044"]
[BlackFideId "1409859"]
[EventDate "2017.07.22"]

1. d4 e6 2. Bf4 d5 3. e3 Bd6 4. Bg3 Nf6 5. Nd2 b6 6. c3 O-O 7. Bd3 Bb7 8. Qc2 c5
9. Ngf3 c4 10. Be2 Qc7 11. e4 dxe4 12. Bxd6 Qxd6 13. Nxc4 Qf4 14. Nfe5 Rd8 15.
g3 Qh6 16. h4 Nc6 17. g4 Qf4 18. g5 Nxe5 19. Nxe5 Nd7 20. Ng4 e5 21. Qc1 e3 22.
Rh2 exd4 23. cxd4 exf2+ 24. Rxf2 Qxd4 25. Qc7 Qe4 26. Rd1 Qh1+ 27. Rf1 Qxh4+ 28.
Rf2 Qh1+ 29. Rf1 Qh4+ 30. Rf2 Qh1+ 31. Rf1 Qh4+ 1/2-1/2

[Event "Xtracon Chess Open 2017"]
[Site "Helsingor DEN"]
[Date "2017.07.26"]
[Round "6.102"]
[White "Winfridsson, Hakan"]
[Black "Fossan, Benjamin"]
[Result "1-0"]
[WhiteElo "2081"]
[BlackElo "1855"]
[WhiteFideId "1706292"]
[BlackFideId "1518100"]
[EventDate "2017.07.22"]

1. e4 c5 2. Nf3 g6 3. Nc3 Bg7 4. d4 cxd4 5. Nxd4 Nc6 6. Be3 Nf6 7. Be2 O-O 8.
O-O d6 9. Kh1 Nd7 10. f4 Nxd4 11. Bxd4 Bxd4 12. Qxd4 Qb6 13. Rad1 Qxd4 14. Rxd4
Nb6 15. f5 f6 16. Nd5 Nxd5 17. Rxd5 Bd7 18. Bc4 Kg7 19. Rd4 Rac8 20. c3 Rc5 21.
Bd5 b5 22. h3 Rb8 23. Kg1 g5 24. Kf2 h5 25. Ke3 Be8 26. Kd2 Bf7 27. b4 Rc7 28.
Ra1 Bxd5 29. exd5 Rbc8 30. Rd3 Rc4 31. Re3 R8c7 32. a4 bxa4 33. g3 h4 34. g4 Kf7
35. Rxa4 Ke8 36. Kc2 Kd8 37. Kb3 Rf4 38. Ra1 Ke8 39. Rae1 Kd8 40. Rc1 Rfc4 41.
Rc2 Ke8 42. Rce2 Rf4 43. Re4 Rf3 44. R2e3 Rxe3 45. Rxe3 Kd8 46. c4 Kc8 47. Re1
Kd8 48. Ra1 Rb7 49. Ra6 Rc7 50. Ra1 Ke8 51. Rc1 Rd7 52. Ka4 Kd8 53. Ka5 Kc8 54.
Rc3 Kb8 55. Rc2 Kb7 56. Kb5 Kb8 57. c5 dxc5 58. Rxc5 Kb7 59. Kc4 Kb8 60. Rc6 Kb7
61. Kc5 Rc7 62. b5 Rd7 63. b6 axb6+ 64. Rxb6+ Kc7 65. Re6 Kc8 66. d6 exd6+ 67.
Kd5 Ra7 68. Rxf6 Ra3 69. Rg6 Rxh3 70. Rxg5 Kd7 71. f6 Re3 72. Rg7+ Ke8 73. g5 h3
74. g6 h2 75. Rh7 Rg3 76. Ke6 Re3+ 77. Kxd6 Rd3+ 78. Ke5 Rg3 79. f7+ Ke7 80. Rh8
Rf3 81. Rxh2 Rg3 82. Rh8 Rf3 83. g7 Rxf7 84. g8=Q 1-0

[Event "Xtracon Chess Open 2017"]
[Site "Helsingor DEN"]
[Date "2017.07.26"]
[Round "6.103"]
[White "Andersson, Kaj"]
[Black "Hansen, Verner"]
[Result "1-0"]
[WhiteElo "2063"]
[BlackElo "1855"]
[WhiteFideId "1709860"]
[BlackFideId "1425285"]
[EventDate "2017.07.22"]

1. e4 e5 2. Nf3 Nc6 3. Bb5 a6 4. Ba4 Nf6 5. d3 Bc5 6. c3 b5 7. Bc2 d6 8. O-O Bg4
9. Re1 h6 10. Nbd2 O-O 11. Nf1 d5 12. h3 dxe4 13. hxg4 exf3 14. Qxf3 e4 15. Qf5
Bd6 16. g5 hxg5 17. Bxg5 exd3 18. Bxd3 Qd7 19. Bxf6 Qxf5 20. Bxf5 gxf6 21. Be4
Ne5 22. Bxa8 Rxa8 23. Rad1 Kg7 24. Ng3 Bc5 25. Re4 Re8 26. Kf1 Rh8 27. Ke2 Kg6
28. Rh1 Re8 29. f4 1-0

[Event "Xtracon Chess Open 2017"]
[Site "Helsingor DEN"]
[Date "2017.07.26"]
[Round "6.104"]
[White "Undheim, Bjarne"]
[Black "Jensen, Morten Frank"]
[Result "0-1"]
[WhiteElo "1882"]
[BlackElo "2063"]
[WhiteFideId "1506862"]
[BlackFideId "1407325"]
[EventDate "2017.07.22"]

1. e4 d5 2. exd5 Qxd5 3. Nc3 Qd6 4. g3 Nf6 5. Bg2 a6 6. d3 Nc6 7. Nge2 Bg4 8.
Be3 e5 9. O-O O-O-O 10. Qc1 Qd7 11. Re1 Nd4 12. Bxd4 exd4 13. Ne4 Nxe4 14. Bxe4
h5 15. h4 g6 16. Qd2 Qa4 17. a3 Bh6 18. f4 Qd7 19. b4 Bf5 20. Bh1 Rhe8 21. a4
Re6 22. b5 Rde8 23. Kf2 Bg4 24. Ng1 Bg7 25. Rab1 Rxe1 26. Rxe1 Rxe1 27. Qxe1
axb5 28. Qe4 c6 29. axb5 cxb5 30. Bg2 Bf6 31. Nh3 Bxh3 32. Bxh3 Qxh3 33. Qe8+
Bd8 0-1